Zákon o minimálnej mzde

Úplné znenie zákona NR SR č. 90/1996 Z.z. o minimálnej mzde v znení zákona č. 366/1997 Z.z. s komentárom.

Salvato in:
Dettagli Bibliografici
Autore principale: Kováčiková, Eva
Natura: Capitolo di libro
Lingua:slovacco
Soggetti:
Tags: Aggiungi Tag
Nessun Tag, puoi essere il primo ad aggiungerne!!

MARC

LEADER 00000naa a2200000 4500
001 r030674
005 20230919081053.6
041 0 |a slo 
044 |a SK 
245 1 0 |a Zákon o minimálnej mzde  |c Eva Kováčiková 
520 |a Úplné znenie zákona NR SR č. 90/1996 Z.z. o minimálnej mzde v znení zákona č. 366/1997 Z.z. s komentárom. 
610 2 0 |a zákony 
610 2 0 |a Slovensko 
610 2 0 |a mzdy minimálne 
610 2 0 |a 1996-1997 
610 2 0 |a komentáre 
100 1 |a Kováčiková, Eva